|
|
|
|
| LEADER |
01930nam a22004094a 4500 |
| 001 |
EBC1632923 |
| 003 |
MiAaPQ |
| 005 |
20200520144314.0 |
| 006 |
m o d | |
| 007 |
cr cn||||||||| |
| 008 |
070301s2007 nyu s 001 0 eng |
| 010 |
|
|
|z 2007008596
|
| 020 |
|
|
|z 9780814473788
|
| 020 |
|
|
|z 0814473784
|
| 035 |
|
|
|a (MiAaPQ)EBC1632923
|
| 035 |
|
|
|a (Au-PeEL)EBL1632923
|
| 035 |
|
|
|a (CaPaEBR)ebr10196226
|
| 035 |
|
|
|a (CaONFJC)MIL112811
|
| 035 |
|
|
|a (OCoLC)162145667
|
| 040 |
|
|
|a MiAaPQ
|c MiAaPQ
|d MiAaPQ
|
| 050 |
|
4 |
|a HD66
|b .M5437 2007
|
| 100 |
1 |
|
|a Miller, Brian Cole,
|d 1956-
|
| 245 |
1 |
0 |
|a More quick team-building activities for busy managers
|h [electronic resource] :
|b 50 new exercises that get results in just 15 minutes /
|c Brian Cole Miller.
|
| 260 |
|
|
|a New York :
|b AMACOM/American Management Association,
|c c2007.
|
| 300 |
|
|
|a ix, 191 p.
|
| 500 |
|
|
|a Includes index.
|
| 505 |
0 |
|
|a Getting ready. How to run a successful team-building activity ; What could go wrong in a team-building activity -- The activities. Welcoming : introductions and icebreakers ; Battling : games that teach healthy competition ; Teamwork : challenges that require cooperation ; Creativity : challenges that encourage out-of-the-box thinking ; Support : activities to appreciate and help each other.
|
| 533 |
|
|
|a Electronic reproduction. Ann Arbor, MI : ProQuest, 2015. Available via World Wide Web. Access may be limited to ProQuest affiliated libraries.
|
| 650 |
|
0 |
|a Teams in the workplace
|x Training of.
|
| 650 |
|
0 |
|a Group relations training.
|
| 650 |
|
0 |
|a Communication in organizations
|v Problems, exercises, etc.
|
| 650 |
|
0 |
|a Interpersonal communication
|v Problems, exercises, etc.
|
| 650 |
|
0 |
|a Group games.
|
| 650 |
|
0 |
|a Meetings.
|
| 655 |
|
4 |
|a Electronic books.
|
| 710 |
2 |
|
|a ProQuest (Firm)
|
| 856 |
4 |
0 |
|u https://ebookcentral.proquest.com/lib/matrademy/detail.action?docID=1632923
|z Click to View
|